000 00714cam a22002293a 4500
001 44863
003 PGUSA
005 20140828084026.0
008 140209s2014||||xxu|||||s|||||000 | eng d
040 _aPGUSA
_beng
042 _adc
100 1 _aLennep, J. van
_q(Jacob),
_d1802-1868
245 1 0 _aNeêrlands Roem :
_bGalerij van Beroemde Nederlanders uit het tijdvak van Frederik Hendrik
_h[electronic resource] /
_cJ. van Lennep
260 _bProject Gutenberg,
_c2014
506 _aPublic domain in the USA.
516 _aElectronic text
700 1 _aKate, Herman Ten
700 1 _aHoevenaar, W. P.
830 0 _aProject Gutenberg
_v44863
856 4 0 _uhttp://www.gutenberg.org/ebooks/44863
942 _cEB
999 _c274114
_d274114